The conscious reader

Saved in:
Bibliographic Details
Main Author: C Shiodes
Format: Book
Language:Undetermined
Published: New York Macmillan 1960
Subjects:
Tags: Add Tag
No Tags, Be the first to tag this record!
Institutions: Trung tâm Học liệu Trường Đại học Cần Thơ
LEADER 00414nam a2200169Ia 4500
001 CTU_13743
008 210402s9999 xx 000 0 und d
082 |a 808.042 
082 |b C586 
100 |a C Shiodes 
245 4 |a The conscious reader 
245 0 |c C Shiodes 
260 |a New York 
260 |b Macmillan 
260 |c 1960 
650 |a readers 
980 |a Trung tâm Học liệu Trường Đại học Cần Thơ